000 00783nam a2200241Ia 4500
005 20250109115211.0
008 210716s2010 xx 000 0 und d
020 _a9783540708261
040 _cAIMIT LIBRARY
041 _aeng
082 _a001.0720063
_21
_bTIZH
100 _a.
_9192817
245 _aOppositional concepts in computational intelligence /
_cEdited by Hamid R Tizhoosh and Mario Ventresca.
250 _a1st ed.
260 _aNew Delhi :
_bSpringer ,
_c2010.
300 _axii,326p. ;
_bPB
_c24.5 cm
650 _aMotivations and theory
_9192818
650 _aSearch and reasoning
_9192819
650 _aOptimization
_9192820
700 _aTizhoosh, Hamid R., ed.
_9192821
700 _aVentresca, Mario.ed.
_9192822
942 _2ddc
_cBK
_e1st
_k001.0720063 TIZH
999 _c192106
_d192106